000
00301nam a22001457a 4500
008
210225b ||||| |||| 00| 0 eng d
020
_a
9781259934445
041
_a
eng
080
_a
37
082
_a
37
100
_a
46
101
_a
EDU
245
_a
Huskies Write
_c
Veeder, R
942
_2
udc
_c
BK
999
_c
55214
_d
55214